• 首页
  • 本馆介绍
  • 公告通知
  • 最新文献
  • 馆藏检索
  • 电子资源
  • 读者导购
  • 参考咨询
  • 我的图书馆
  • 登录
  • 详细信息显示
  • 放入我的书架
  • 预约/预借图书
  • 作者相关作品
  • 分类相关作品
  • 丛书相关作品
  • 出版社相关作品

书目信息

  • 表格格式
  • 工作单格式
  • 卡片格式
题名:
信号与线性系统
    
 
作者: 邢丽冬 , 潘双来 主编
分册:  
出版信息: 北京   清华大学出版社  2012.12
页数: 363页
开本: 25cm
丛书名: 电子信息学科基础课程系列教材
单 册:
中图分类: TN911.6
科图分类:
主题词: 信号理论--线性系统
电子资源:
ISBN: 978-7-302-28743-8
000 01214nam0 2200289 450
001 288
005 20160905103829.43
010    @a978-7-302-28743-8@dCNY38.00
100    @a20121219d2012 em y0chiy50 ea
101 0  @achi
102    @aCN@b110000
105    @aak z 000yy
200 1  @a信号与线性系统@9xin hao yu xian xing xi tong@f邢丽冬,潘双来主编
205    @a2版
210    @a北京@c清华大学出版社@d2012.12
215    @a363页@c图,表格@d25cm
225 2  @a电子信息学科基础课程系列教材@9dian zi xin xi xue ke ji chu ke cheng xi lie jiao cai
300    @a本科教材
330    @a本书共分8章,主要内容有:信号与系统的基本概念、连续时间系统的时域分析、连续时间信号与系统的频域分析、连续时间信号与系统的复频域分析、离散时间信号与系统的时域分析、离散系统的z域分析、离散信号的傅里叶变换及数字滤波器、MATLAB在信号与系统中的作用。
333    @a普通高等学校电气工程及其自动化、自动化、计算机、仪器仪表、电子信息、生物医学工程等专业的本科生
461  0 @12001 @a电子信息学科基础课程系列教材
606 0  @a信号理论@x线性系统
690    @aTN911.6@v4
701  0 @a邢丽冬@9xing li dong@4主编
701  0 @a潘双来@9pan shuang lai@4主编
801  0 @aCN@b唐山师范学院图书馆@c20160721
905    @aZUCC@dTN911.6@e146=2
    
    信号与线性系统/邢丽冬,潘双来主编.-2版.-北京:清华大学出版社,2012.12
    363页:图,表格;25cm.-(电子信息学科基础课程系列教材)
    本科教材.-使用对象:普通高等学校电气工程及其自动化、自动化、计算机、仪器仪表、电子信息、生物医学工程等专业的本科生
    
    ISBN 978-7-302-28743-8:CNY38.00
    本书共分8章,主要内容有:信号与系统的基本概念、连续时间系统的时域分析、连续时间信号与系统的频域分析、连续时间信号与系统的复频域分析、离散时间信号与系统的时域分析、离散系统的z域分析、离散信号的傅里叶变换及数字滤波器、MATLAB在信号与系统中的作用。
●
相关链接 在E读中查询图书 在五车中查询图书 在当当中查询图书 在豆瓣中查询图书


正题名:信号与线性系统     索取号:TN911.6/146=2         预约/预借

序号 登录号 条形码 馆藏地/架位号 状态 备注
1 901200   209012003   第二样本阅览室/ [索取号:TN911.6/146=2] 在馆    
2 901201   209012012   第三借阅区/ [索取号:TN911.6/146=2] 在馆    
3 901202   209012021   第三借阅区/ [索取号:TN911.6/146=2] 在馆    
4 901203   209012030   第三借阅区/ [索取号:TN911.6/146=2] 在馆    
唐山师范学院图书馆 欢迎您!
大连网信软件有限公司© 版权所有